000 00415nam a2200169Ia 4500
008 230711s9999||||xx |||||||||||||| ||und||
041 _aENG
082 _a514
_bSH-T
100 _aSharma,J.N
245 0 _aTopology : General and algebraic
250 _a46th Ed.
260 _c2016
_aNew Delhi
_bVikas Publishing House Pvt Ltd.
300 _a620p.
650 _aMathematics
700 _aChauhan,J.P
942 _cBK
999 _c6224
_d6224